LEADER 03193nam 2200601 a 450 001 9910141264503321 005 20210215215215.0 010 $a1-280-68728-2 010 $a9786613664228 010 $a1-118-30040-8 010 $a1-118-30048-3 010 $a1-118-30045-9 035 $a(CKB)2670000000205270 035 $a(EBL)932054 035 $a(OCoLC)795120265 035 $a(SSID)ssj0000678605 035 $a(PQKBManifestationID)11417443 035 $a(PQKBTitleCode)TC0000678605 035 $a(PQKBWorkID)10727673 035 $a(PQKB)10646080 035 $a(MiAaPQ)EBC932054 035 $a(PPN)185206336 035 $a(EXLCZ)992670000000205270 100 $a20111205d2012 uy 0 101 0 $aeng 135 $aur|n|---||||| 181 $ctxt 182 $cc 183 $acr 200 10$aPain-relieving procedures$b[electronic resource] $ethe illustrated guide /$fP. Prithvi Raj, Serdar Erdine 210 $aChichester [England] $cWiley-Blackwell$d2012 215 $a1 online resource (462 p.) 300 $aDescription based upon print version of record. 311 $a0-470-67038-X 320 $aIncludes bibliographical references and index. 327 $aHistory of interventional pain medicine -- Principles for performing percutaneous invasive procedures -- Physical and psychological assessment of the pain patient -- Preparation of the patient for interventional pain procedures -- Monitoring of the patient prior to, during and after the procedure -- Radiation safety and use of fluroscopy during interventional pain procedures -- Sedation and analgesia for interventional procedures -- Drugs used during interventional pain procedures -- Tools and equipment used in interventional pain procedures -- Principles and description of special techniques -- Simple frequent procedures in the musculoskeletal region -- Interventional pain procedures in the head -- Interventional pain procedures in the neck -- Interventional pain procedures in the thoracic region -- Interventional procedures for visceral pain in the thoraco-abdominal region -- Interventional pain procedures in the lumbar region -- Interventional pain procedures in the pelvic and sacral region -- Advanced techniques. 330 $aThere has been a step change in pain control in recent years thanks to improved imaging that allows for greater targeting of analgesia technique. However these procedures are not yet fully incorporated into practice. This book will take real-life photos from procedural steps allied to 3D CT anatomic scans to show the procedures towards effective pain management. Structured by anatomical location, the book will cover all the important interventional pain procedures in practice. 606 $aPain$xTreatment 606 $aPain medicine 615 0$aPain$xTreatment. 615 0$aPain medicine. 676 $a616 676 $a616.0472 676 $a616/.0472 700 $aRaj$b P. Prithvi$0964171 701 $aErdine$b S$0964172 801 0$bMiAaPQ 801 1$bMiAaPQ 801 2$bMiAaPQ 906 $aBOOK 912 $a9910141264503321 996 $aPain-relieving procedures$92186560 997 $aUNINA LEADER 01137nam0 22002651i 450 001 UON00332699 005 20231205104226.801 100 $a20090922d1963 |0itac50 ba 101 $aeng 102 $aGB 105 $a|||| ||||| 200 1 $aˆThe ‰age of Luis XIV$ea history of european civilization in the period of Pascal, Molière, Cromwell, Milton, Peter the Great, Newton and Spinoza (1648-1715)$fWill Durant, Ariel Durant 210 $aNew York$cSimon and Schuster$d1963 215 $aXVIII, 802 p.$d25 cm. 606 $aFrancia $xStoria$xSec. 17$3UONC038127$2FI 620 $aUS$dNew York$3UONL000050 700 1$aDURANT$bWill$3UONV030705$0200495 701 1$aDURANT$bAriel$3UONV151915$0210875 712 $aSimon & Schuster$3UONV251148$4650 801 $aIT$bSOL$c20260130$gRICA 899 $aSIBA - SISTEMA BIBLIOTECARIO DI ATENEO E ARCHIVIO STORICO$2UONSI 912 $aUON00332699 950 $aSIBA - SISTEMA BIBLIOTECARIO DI ATENEO E ARCHIVIO STORICO$dSI EUR C B 0162 $eSI MR 77180 5 0162 996 $aAge of Luis XIV$91365995 997 $aUNIOR